000 00606nam a22001937a 4500
003 koha_MIRAKIL
005 20250109104339.0
008 250109b tur||||| |||| 00| 0 tur d
020 _a9786052984512
040 _aTR-IsEVY
_btur
_cTR-IsEVY
082 _aFIC ARA/K
100 _aAral, İnci
245 0 _aKüçükken ne olmak istiyordu ? /
_cİnci Aral ; resimleyen Elif Balta Parks.
260 _aİstanbul:
_bKırmızı Kedi Yayınevi,
_c2019.
300 _a64 s. :
_brenkli resimli ;
_c20 cm.
650 _aÇocuk Edebiyatı.
_vÇocuk Hikayeleri.
700 1 _aParks, Elif Balta.
942 _2ddc
_cBK
999 _c21352
_d21352